000 01051njm a2200265 i 4500
001 4769
003 ES-MaACL
005 20240603203928.0
007 s|r|||||||||||
008 070813s1976 sp ||| g ||||||||1|nspa d
100 1 _aEscudero Patiño, Luis Fernando.
_947709
245 1 3 _aLa caza a rececho [
_hGrabación sonora] /
_cinterviene Luis Fernando Escudero Patiño.
260 _aMadrid :
_bAteneo de Madrid,
_c1976.
300 _a1 disco (CD-DA) (1 h. 50 min.) ;
_c12 cm.
490 1 _aCiclo de conferencias-coloquio sobre la caza
500 _aDatos basados en la invitación.
518 _aActo organizado por el Ateneo de Madrid, grabado en el salón de actos el miércoles 25 de febrero de 1976, a las 20:00 h.
610 2 4 _aAteneo de Madrid-
_xActos culturales-
_y1976-
_vGrabaciones sonoras.
_91886
650 4 _aCaza.
_910857
710 2 _aAteneo de Madrid.
_91875
830 0 _aCiclo de conferencias-coloquio sobre la caza
_9177163
852 _aES-MaACL
_cROT
_jROT 3/5/36
_94886
942 _2udc
_cCDROM
999 _c4769
_d4769